Školská integrácia detí a mládeže s poruchami zraku

Bibliographic Details
Main Author: Požár, Ladislav, 1931- (Author)
Format: Book
Language:Slovak
PhysicalDescription:223 s. 21 cm
Published: Bratislava Univerzita Komenského 1996
ISBN:8022311014
Subjects:

MARC

LEADER 00000nam a2200000 a 4500
001 vtls001283871
003 SK-MaSNL
005 20260301113409.0
008 160415s1996 xo a r y 0 slo
015 |a SNBA1997/0802380 
020 |a 8022311014  |c 67,00 Sk 
035 |a SNK000235339 
040 |a SNK  |b slo  |c SNK  |e AACR2 
041 0 |a slo 
044 |a xo  |c SK 
080 |a 376.352-053.5/.6  |2 1981 
245 1 |a Školská integrácia detí a mládeže s poruchami zraku  |c Ladislav Požár a kolektív 
260 |a Bratislava  |b Univerzita Komenského  |c 1996 
300 |a 223 s.  |c 21 cm 
500 |a 200 výt. 
504 |a Biliogr. s. 211-219 
650 0 7 |a deti zrakovo postihnuté  |x integrácia školská  |2 SNK  |9 455472 
650 0 7 |a mládež zrakovo postihnutá  |x integrácia školská  |2 SNK  |9 455473 
655 7 |a príručky  |2 SNK  |9 74364 
700 1 |a Požár, Ladislav,  |d 1931-  |4 aut  |9 94261 
919 |a 80-223-1101-4 
958 |a TL 
958 |a NB 
999 |c 714039  |d 715969 
952 |t P60, <09>, [BOOK], {629}  |a SNK  |b SNK  |y NEVYP  |7 0  |o snkC 943  |i snk1771/970424  |0 0  |1 0  |4 0  |d 1997-04-21  |l 0  |r 2005-01-02 00:00:00  |w 2026-02-23 
952 |t P60, <03>, [BOOK], {603}  |a SNK  |b SNK  |y PREZ  |7 0  |p 17A0060087  |o snkSC 92886  |i snkKSP 3977/97  |0 0  |1 0  |4 0  |d 1997-04-21  |f 1  |l 0  |r 2025-09-11 00:00:00  |w 2026-02-23 
952 |a SNK  |b SNK  |y VYP  |7 0  |p 17A0060088  |o snkSC 92886 D1  |i snkKSP 3978/97  |8 0  |0 0  |1 1  |4 0  |d 1997-04-21  |l 0  |r 2005-01-02 00:00:00  |w 2026-02-23